• 首页
  • 本馆介绍
  • 公告通知
  • 最新文献
  • 馆藏检索
  • 电子资源
  • 读者导购
  • 参考咨询
  • 我的图书馆
  • 登录
  • 详细信息显示
  • 放入我的书架
  • 预约/预借图书
  • 作者相关作品
  • 分类相关作品
  • 丛书相关作品
  • 出版社相关作品

书目信息

  • 表格格式
  • 工作单格式
  • 卡片格式
题名:
中文版AutoCAD 2016室内设计实例教程
    
 
作者: 常亮 , 李红萍 主编
分册:  
出版信息: 北京   清华大学出版社  2018
页数: 467页
开本: 26cm
丛书名: 精品实例教程丛书
单 册:
中图分类: TU238.2-39
科图分类:
主题词: 室内装饰设计--shi nei zhuang shi she ji--计算机辅助设计--AutoCAD软件
电子资源:
ISBN: 978-7-302-41468-1
000 01666nam 2200289 45
001 012001003540
005 20140102111746.0
010    @a978-7-302-41468-1@dCNY59.00
099    @aCAL 012015159258
100    @a20151215d2016 ekmy0chiy50 ea
101 0  @achi
102    @aCN@b110000
105    @aa z 000yy
106    @ar
200 1  @a中文版AutoCAD 2016室内设计实例教程@Azhong wen ban AutoCAD 2016 shi nei she ji shi li jiao cheng@f常亮, 李红萍主编
210    @a北京@c清华大学出版社@d2018
215    @a467页@c图@d26cm
225 2  @a精品实例教程丛书@Ajing pin shi li jiao cheng cong shu
330    @a本书系统全面地讲解了AutoCAD 2016的基本功能及其在室内装潢设计领域的具体应用。本书共分为18章,第1~3章为基础入门,介绍室内装潢设计基础和AutoCAD 2016的工作界面、文件管理、命令调用等入门知识和基本操作;第4~10章为绘图基础,介绍二维室内图形的绘制和编辑,以及精确绘图工具、图层、文字与表格、尺寸标注、块与设计中心等功能;第11~14章为家装设计,按照家庭装潢设计的流程,依次讲解室内家具、平面布置图、地面铺装图、顶棚和空间立面施工图的绘制方法;第15章和第16章为公装设计,以办公空间和西餐厅两个案例,分别介绍办公空间和商业空间的设计方法;第17章和第18章为设计图及施工图打印,介绍室内设计施工电气图、冷热水管走向图的绘制及施工图打印输出的方法。
333    @a本书既可以作为大中专院校相关专业以及CAD培训机构的教材,也可以作为从事室内装潢设计人员的自学指南。
410  0 @12001^@a精品实例教程丛书
606 0  @a室内装饰设计@Ashi nei zhuang shi she ji@x计算机辅助设计@xAutoCAD软件
690    @aTU238.2-39@v5
701  0 @a常亮@Achang liang@4主编
701  0 @a李红萍@Ali hong ping@4主编
801  2 @aCN@b北京卓展@c20191020
905    @b1212031-4@dTU238.2-39@e1591@f4
    
    中文版AutoCAD 2016室内设计实例教程/常亮, 李红萍主编.-北京:清华大学出版社,2018
    467页:图;26cm.-(精品实例教程丛书)
    使用对象:本书既可以作为大中专院校相关专业以及CAD培训机构的教材,也可以作为从事室内装潢设计人员的自学指南。
    
    ISBN 978-7-302-41468-1:CNY59.00
    本书系统全面地讲解了AutoCAD 2016的基本功能及其在室内装潢设计领域的具体应用。本书共分为18章,第1~3章为基础入门,介绍室内装潢设计基础和AutoCAD 2016的工作界面、文件管理、命令调用等入门知识和基本操作;第4~10章为绘图基础,介绍二维室内图形的绘制和编辑,以及精确绘图工具、图层、文字与表格、尺寸标注、块与设计中心等功能;第11~14章为家装设计,按照家庭装潢设计的流程,依次讲解室内家具、平面布置图、地面铺装图、顶棚和空间立面施工图的绘制方法;第15章和第16章为公装设计,以办公空间和西餐厅两个案例,分别介绍办公空间和商业空间的设计方法;第17章和第18章为设计图及施工图打印,介绍室内设计施工电气图、冷热水管走向图的绘制及施工图打印输出的方法。
●
相关链接 在E读中查询图书 在五车中查询图书 在当当中查询图书 在豆瓣中查询图书


正题名:中文版AutoCAD 2016室内设计实例教程     索取号:TU238.2-39/1591         预约/预借

序号 登录号 条形码 馆藏地/架位号 状态 备注
1 1212031   212120319   第二样本阅览室/ [索取号:TU238.2-39/1591] 在馆    
2 1212032   212120328   第三借阅区/ [索取号:TU238.2-39/1591] 在馆    
3 1212033   212120337   第三借阅区/ [索取号:TU238.2-39/1591] 在馆    
4 1212034   212120346   第三借阅区/ [索取号:TU238.2-39/1591] 在馆    
唐山师范学院图书馆 欢迎您!
大连网信软件有限公司© 版权所有